000 00239nam a2200097Ia 4500
008 230907s9999||||xx |||||||||||||| ||und||
082 _a621.319
_bSMA
245 0 _aSmart grids from a global perspective /
300 _apages cm
942 _cBK
999 _c597560
_d597560